UM Logo

Taking sides : (Record no. 1386)

MARC details
000 -LEADER
fixed length control field 00735nam a22002177a 4500
003 - CONTROL NUMBER IDENTIFIER
control field OSt
005 - DATE AND TIME OF LATEST TRANSACTION
control field 20210705092939.0
008 - FIXED-LENGTH DATA ELEMENTS--GENERAL INFORMATION
fixed length control field 160322b xxu||||| |||| 00| 0 eng d
020 ## - INTERNATIONAL STANDARD BOOK NUMBER
International Standard Book Number 978-0-07-740806-0
040 ## - CATALOGING SOURCE
Transcribing agency LIC
082 ## - DEWEY DECIMAL CLASSIFICATION NUMBER
Edition number 2013
Classification number DC 364.973
Item number T13
245 ## - TITLE STATEMENT
Title Taking sides :
Remainder of title clashing views in crime and criminology/
Statement of responsibility, etc. selected, edited, and with introductions by Thomas J. Hickey.
250 ## - EDITION STATEMENT
Edition statement Ninth Edition
260 ## - PUBLICATION, DISTRIBUTION, ETC. (IMPRINT)
Place of publication, distribution, etc. New York, NY :
Name of publisher, distributor, etc. McGraw Hill,
Date of publication, distribution, etc. c2013.
300 ## - PHYSICAL DESCRIPTION
Extent xxvi, 438 pages ;
Dimensions 24 cm
500 ## - GENERAL NOTE
General note Includes bibliographical references.
650 #0 - SUBJECT ADDED ENTRY--TOPICAL TERM
9 (RLIN) 4176
Topical term or geographic name as entry element Crime
Geographic subdivision United States.
650 #0 - SUBJECT ADDED ENTRY--TOPICAL TERM
9 (RLIN) 4177
Topical term or geographic name as entry element Criminal justice, Administration of
Geographic subdivision United States.
650 #0 - SUBJECT ADDED ENTRY--TOPICAL TERM
9 (RLIN) 4178
Topical term or geographic name as entry element Criminology
942 ## - ADDED ENTRY ELEMENTS (KOHA)
Source of classification or shelving scheme Dewey Decimal Classification
Koha item type Circulation
Holdings
Withdrawn status Lost status Source of classification or shelving scheme Damaged status Not for loan Collection code Home library Current library Date acquired Source of acquisition Total Checkouts Full call number Barcode Date last seen Copy number Cost, replacement price Price effective from Koha item type
    Dewey Decimal Classification     Circulation UM Digos College - LIC UM Digos College - LIC 04/22/2013 Purchased   DC 364.973 T13 2013 22071 06/08/2021 1 0.00 03/22/2016 Circulation